fpga implementation of reconfigurable frequency demodulators (Record no. 233602)

MARC details
000 -LEADER
fixed length control field 00830nam a2200145Ia 4500
008 - FIXED-LENGTH DATA ELEMENTS--GENERAL INFORMATION
fixed length control field 231221s9999 xx 000 0 und d
041 ## - LANGUAGE CODE
Language code of text/sound track or separate title English
082 ## - DEWEY DECIMAL CLASSIFICATION NUMBER
Classification number CPEC15-1077
100 ## - MAIN ENTRY--PERSONAL NAME
Personal name Senthilkumar E. Santoshkumar N V. Manikandan J. Agrawal, V K.
245 #0 - TITLE STATEMENT
Title fpga implementation of reconfigurable frequency demodulators
260 ## - PUBLICATION, DISTRIBUTION, ETC.
Date of publication, distribution, etc. 2015
500 ## - GENERAL NOTE
General note fpga implementation of reconfigurable frequency demodulators Senthilkumar E, Santoshkumar NV, Manikandan J and V. K. Agrawal Crucible of Research and Innovation (CORI), PES University, Bangalore Department of ECE, PES University, Bangalore Email: manikandanj@pes.edu IEEE Int. Conf. on Computing and Network Communications, pp. 316-323, Trivandrum, December 2015.
650 ## - SUBJECT ADDED ENTRY--TOPICAL TERM
Topical term or geographic name entry element fpga,reconfigurable,frequency,demodulators
942 ## - ADDED ENTRY ELEMENTS (KOHA)
Koha item type Institutional repository
Holdings
Date last seen Total checkouts Full call number Accession number Price effective from Category Lost status Damaged status Department Withdrawn status Home library Current library Shelving location Entry date Grants Currency symbol Conversion rate Discount Old discount
26/01/2024   CPEC15-1077 IR1077 26/01/2024 Institutional repository     EC   Central Library Central Library Central Library   EC RS 1    

© For any Suggestions or Query, please contact the library staff @ librarian@pes.edu or Phone: +9180 2672 1983/ 2108.